01385nam a2200289 a 450000100060000000300080000600500170001400800410003103500190007204000370009104100130012808200280014110000320016924501140020126000850031530000290040049000600042950000940048950000810058350400290066450502480069365000190094183000100096070000300097071000490100083000460104929441BD-RjUL20211209051419.0140403s19241953enk 000 0 eng u a(BD-RjUL)29526 aCSUdKKPdm.cdEQObengcBD-RjUL1 aenghger a131.3462bFRC V-3 19531 aFreud, Sigmund,d1856-1939.10aCollected papers /cSigmund Freud ; authorized translation under the supervision of Joan Rivere.nVOLUME III. aLondon :bHogarth Press and Institute of Psychoanalysis,c1924 [Impression 1953] a607 p. :bill. ;c22 cm.1 aInternational psycho-analytical library ;vno. 7-10, 37 aVol. 3: Authorized translation by Alix and James Strachey; v. 5 edited by James Strachey. aIncludes papers originally collected in Kleiner Schriften zur Neurosenlehre. aIncludes bibliographies.0 av. 1. Early papers. On the history of the psycho-analytic movement.--v. 2. Clinical papers. Papers on technique.--v. 3. Case histories.--v. 4. Papers on metapsychology. Papers on applied psycho-analysis.--v. 5. Miscellaneous papers, 1888-1938. 0aPsychoanalysis 0v7 &c.1 aRiviere, Joan,d1883-19622 aInstitute of Psycho-analysis (Great Britain) 0aInternational psycho-analytical library ;